PROPAGANDA & PERSUASION (Record no. 10486)

MARC details
000 -LEADER
fixed length control field 00303nam a22001457a 4500
003 - CONTROL NUMBER IDENTIFIER
control field SGT
082 ## - DEWEY DECIMAL CLASSIFICATION NUMBER
Classification number 303.375
Item number P12J
100 ## - MAIN ENTRY--PERSONAL NAME
Personal name JOWELT, GARTH S.
245 ## - TITLE STATEMENT
Title PROPAGANDA & PERSUASION
250 ## - EDITION STATEMENT
Edition statement 5TH
260 ## - PUBLICATION, DISTRIBUTION, ETC. (IMPRINT)
Place of publication, distribution, etc LONDON
Name of publisher, distributor, etc SAGE
Year of Publication 2012
300 ## - PAGE DESCRIPTION
No. of Pages 432
650 ## - SUBJECT ADDED ENTRY--TOPICAL TERM
Topical term or geographic name as entry element PSYCHOLOGY
942 ## - ADDED ENTRY ELEMENTS (KOHA)
Source of classification or shelving scheme Dewey Decimal Classification
Koha item type Books
Holdings
Withdrawn status Lost status Source of classification or shelving scheme Damaged status Not for loan Collection code Home library Current library Shelving location Date acquired Vendor Name SGTU Bill Number Total Checkouts Full call number Accession No. (Barcode) Date last seen Bill Date Koha item type
    Dewey Decimal Classification     MEDICAL SGT Medical Library SGT Medical Library Reference Book 18/01/2017 ABC SGTU 6069   303.375 P12J FM7627 18/01/2017 11/09/2015 Books